| 000 | 00761nam a22002177a 4500 | ||
|---|---|---|---|
| 010 | _aB-685144 | ||
| 020 | _c510.00 | ||
| 035 | _aB-685144 | ||
| 037 |
_aDPL _bPansy |
||
| 082 | _a657.48 | ||
| 100 | _aMongra, J.R. | ||
| 245 |
_aBasic financial accounting: _cby J.R. Mongra [and] Shweta Bajaj; edted by N.K. Puri [and] Y.P. Tyagi _bassignments / |
||
| 250 | _a17th rev. ed | ||
| 260 |
_aNoida _bJ.R. Mongra _c2017 |
||
| 300 |
_avarious pagings _c23cm(pbk) |
||
| 700 | _aBajaj, Shweta | ||
| 700 | _aPuri, N.K. | ||
| 700 | _aTyagi, Y.P. | ||
| 942 |
_2ddc _cEN _mMON _h657.48 |
||
| 999 |
_c148073 _d148073 |
||